00867nam a2200217 i 450000100060000000300090000600500170001500700030003200800410003508000120007624501960008826000370028430000220032149000720034365000160041570000370043170000230046870000390049183000720053085200470060259669ES-MaACL20250831121955.0t|031030s1961 sp |||| | spa d a355(04)03aEl ejército como problema / cpor Alfredo Kindenlán, Carlos Martínez Campos, Ángel González de Mendoza ... [et al.] ; prólogo de J. Iturrioz ; epílogo de J.M. García Escudero. aMadrid : bEuramérica, c1961. a201 p. ; c18 cm.1 aColección bien común ; v14. aSerie II, Problemas de hoy ; v4 4aEjército.1 aKindelán, Alfredo, d1879-19621 aIturrioz, Jesús.1 aGarcía Escudero, José María.0 aColección bien común ; v14. aSerie II, Problemas de hoy ; v4 aES-MaACLjC-21498 q- Ejemp. falto de cub.